000 00870cab a2200229 4500
001 ABS47015
008 090401t1992 xxu||||| |||| 00| 0 eng d
035 _a(Sirsi) u60407
041 _aeng
100 _aPowell-Smith, V.
245 4 _aThe root of the matter
260 _c1992
350 _a0
490 _aContract Journal
_v365(5891) 24 September 1992, 8-9(2)
520 _aThe case "Sheffield v Conrad" (1987) tested the argument that a contractor could legitimately be dismissed because his reaction in dispute over defects was such that the employer lost confidence in him. This was rejected by the Court of Appeal and the decision in favour of the plaintiff upheld.
650 _aBREACH OF CONTRACT
650 _aORAL CONTRACTS
690 _aBUILT ENVIRONMENT-BUILDING CONTRACT FORMS
700 _aSmith, V.P.
942 _n0
948 _c04/03/1997
999 _c37247
_d37247